Представление документа в формате MARC21

Поле Инд. ПП Название Значение
Тип записи a
Библиографический уровень b
001 Контрольный номер RU/IS/BASE/141828501
005 Дата корректировки 20200609191247.6
084 a Индекс другой классификации/Индекс ББК 60.55-3
a Индекс другой классификации/Индекс ББК 60.523
a Индекс другой классификации/Индекс ББК 71.044.2
100 1_ a Автор Веснин В. Р.
245 a Заглавие Организационная культура
650 a Основная рубрика культурология
a Основная рубрика социология
a Основная рубрика социология организаций
653 a Ключевые слова имидж организации
a Ключевые слова культура
a Ключевые слова легенды
a Ключевые слова менеджмент
a Ключевые слова нормы поведения
a Ключевые слова обряды
a Ключевые слова обычаи
a Ключевые слова организационная культура
a Ключевые слова организационные отношения
a Ключевые слова организационные ценности
a Ключевые слова профессиональная культура
a Ключевые слова ритуалы
a Ключевые слова ролевая культура
a Ключевые слова стиль поведения
a Ключевые слова управленческая культура
a Ключевые слова элементы культуры
773 t Заглавие источника Социально-гуманитарные знания
d Дата издания источника 2001
g Прочая информация № 3. - С. 184 - 200
w Контрольный № источника RU/IS/BASE/139676203
901 t Тип документа b